00513nam a22001817a 450000500170000001000130001702000250003003500130005503700200006808200080008810000200009624500630011625000080017926000370018727000620022430000220028670000230030820221006112750.0 aB-745930 a9788195021727c50.00 aB-745930 bSahitya Akademi a921 aDutta, Chandana aMakers of Indian Literature Joginder Poul/cChandana Dutta a1st aNew DelhibSahitya Akademic2021 aRabindra Bhavan, 35, Ferozeshah Road, bNew Delhie110001 a105p.c22cm (pbk) aRabbani, Zahir Abu